000 00320nam a2200133Ia 4500
008 240624s9999 xx 000 0 und d
041 _aeng
082 _a823 SIN
100 _aSINGH KHUSHWANT
245 _aDELHI A NOVEL
260 _c1990
_aNew Delhi
_bPenguin Books
300 _a391 : p. : cm. ; 19
365 _cRS
_b30
999 _c13647
_d13647